000 00733nam a2200217 a 4500
001 000010133
005 20240412074215.0
008 091005s1986 dr a r 000 p spa d
040 _aDO-SdBNP
_bspa
_cBNPHU
082 _aRD861.44
_bC794L
100 1 _aCordero, Tulio
_916039
245 1 0 _aLatido cierto /
_cTulio Cordero.
260 _aSanto Domingo :
_bAmigo del Hogar,
_c1986.
300 _a58 p. :
_bil. ;
_c20 cm.
500 _aIncluye datos biográficos del autor en la contracubierta
586 _aLa biblioteca posee 2 ejemplares autografiados por el autor.
590 _aInventariado, 2018/BT
650 0 _aPoesía dominicana
_966
650 0 _aLiteratura dominicana.
_967
910 _aValidado. Control de calidad. MMOLINA
999 _c9892
_d9892